LEADER 01186nam a2200301 a 4500 001 000000147818 003 CaOOAMICUS 005 20151130133801.0 008 151130s2015 it u000 u ita r 020 $a978-88-348-5989-6* 032 $aLibriCat 040 $aPUL$bita 082 04$a344.4504 100 1 $aMorana, Donatella.$0(OLS)http://pul/name/94441 245 13$aLa salute come diritto costituzionale :$blezioni /$cDonatella Morana. 250 $a2. ed. 260 $aTorino :$bG. Giappichelli,$c2015. 300 $aXVI, 223 p. ;$c24 cm. 504 $aBibliografia p. [189]-223. 650 4$aDiritto alla salute.$0(OLS)http://pul/subject/36447 850 $aPUL 852 $aPUL$W1$xSL Diritto e Scienze Sociali 3$y79$m344. 4504 MORDO 1$j170647$qDDC 21$B171623$CPULBib$Z2$F171623 $H126555 $81 941 1 $a9 996 $6020$a978-88-348-5989-6*$9(OLS)http://pul/number/159083 996 $6082$a344.4504$9(OLS)http://pul/classification/2040 996 $6245$aLa salute come diritto costituzionale :$blezioni$9(OLS)http://pul/title/186525 996 $6260$aTorino :$bG. Giappichelli$9(OLS)http://pul/publisher/49130 LEADER 02127namaa2200457 i 4500 001 000000177922 003 CaOOAMICUS 005 20250717103205.0 007 tu 008 250717s2024 it 000 u ita r 020 $a978-88-301-0325-2* 040 $aPUL$bita$erda 082 0 $a780.1 100 0 $aAristoteles,$d384-322 a.C.,$eautore.$0(OLS)http://pul/name/792 245 10$aQuestioni di armonia : (Problemi, Libro XIX) /$c[Aristotele] ; con le traduzioni latine di Bartolomeo da Messina e Teodoro Gaza ; introduzione, traduzione, note e apparati di Massimo Raffa. 250 $aPrima edizione aprile 2024 264 4$cİ2024. 264 1$aMilano :$bBompiani,$c[2024] 300 $a319 pagine ;$c20 cm 336 $atesto$btxt$2rdacontent 337 $asenza mediazione$bn$2rdamedia 338 $avolume$bnc$2rdacarrier 490 1 $aBompiani Testi a fronte ;$v168 500 $aTraduzione italiana con testo latino e greco a fronte. 504 $aBibliografia : pagine [283]-294. 700 1 $aRaffa, Massimo,$d1972-,$ecommentatore di testo scritto,$eautore di introduzione,$etraduttore.$0(OLS)http://pul/name/96146 700 1 $aBartolomeo da Messina$bsecolo 13,$etraduttore.$0(OLS)http://pul/name/114472 700 1 $aGaza, Theodorus,$dcirca 1400-circa 1475,$etraduttore.$0(OLS)http://pul/name/114471 830 0$aBompiani testi a fronte ;$v168.$0(OLS)http://pul/title/87343 850 $aPUL 852 $aPUL$W1$xSL Filosofia 2$y80$mPhil A2 2.168$j201858$qStampati Altre Collocazioni$B206905$CPULBib$Z2$F206905 $H137953 $82 900 $aAristotle,$d 384-322 a.C.$9792 900 $aAristotele,$d384-322 a.C.$9792 941 1 $a10 983 0$aTesti a fronte (Bompiani) 996 $6020$a978-88-301-0325-2*$9(OLS)http://pul/number/170499 996 $6082$a780.1$9(OLS)http://pul/classification/3105 996 $6245$aQuestioni di armonia : (Problemi, Libro XIX)$9(OLS)http://pul/title/219484 996 $6264$aMilano :$bBompiani$9(OLS)http://pul/publisher/48240 996 $6264$a[S.l.] :$b[s.n.]$9(OLS)http://pul/publisher/0